German Words for Colors by Picture - Statistics

General Stats
  • This quiz has been taken 57 times
  • The average score is 11 of 16
Answer Stats
Picture Answer % Correct
Rot
90%
Orange
88%
Blau
87%
Grün
85%
Gelb
79%
Grau/Weiß
73%
Schwarz
73%
Grau
71%
Rot
69%
Blau
65%
Grün
65%
Orange
63%
Rosa
60%
Lila
56%
Orange
56%
Rosa
54%
No matching quizzes found
Score Distribution
Percent of People with Each Score
Percentile by Number Answered
Your Score History
You have not taken this quiz